| 000 -LEADER |
| fixed length control field |
00629nam a2200241Ia 4500 |
| 001 - CONTROL NUMBER |
| control field |
3414 |
| 003 - CONTROL NUMBER IDENTIFIER |
| control field |
GE_BSU |
| 008 - FIXED-LENGTH DATA ELEMENTS--GENERAL INFORMATION |
| fixed length control field |
181216s||||||||xx |||||||||||||| ||und|| |
| 020 ## - INTERNATIONAL STANDARD BOOK NUMBER |
| International Standard Book Number |
572450247 |
| 040 ## - CATALOGING SOURCE |
| Transcribing agency |
GE_BSU |
| 080 ## - UNIVERSAL DECIMAL CLASSIFICATION NUMBER |
| Universal Decimal Classification number |
667.64(075.8) |
| 100 ## - MAIN ENTRY--PERSONAL NAME |
| Personal name |
Яковлев,А.Д |
| 245 ## - TITLE STATEMENT |
| Title |
Химия и технология лакокрасочных покрытий |
| 245 ## - TITLE STATEMENT |
| Remainder of title |
Учебник для вузов |
| 245 ## - TITLE STATEMENT |
| Statement of responsibility, etc. |
Ред.А.Е.Пинчук |
| 250 ## - EDITION STATEMENT |
| Edition statement |
Изд 2-ое.Перераб. |
| 260 ## - PUBLICATION, DISTRIBUTION, ETC. |
| Place of publication, distribution, etc. |
Л |
| 260 ## - PUBLICATION, DISTRIBUTION, ETC. |
| Name of publisher, distributor, etc. |
Химия |
| 260 ## - PUBLICATION, DISTRIBUTION, ETC. |
| Date of publication, distribution, etc. |
1989 |
| 300 ## - PHYSICAL DESCRIPTION |
| Extent |
384 стр. |
| 300 ## - PHYSICAL DESCRIPTION |
| Dimensions |
22см |
| 942 ## - ADDED ENTRY ELEMENTS (KOHA) |
| Koha item type |
წიგნი |